• 首页
  • 本馆介绍
  • 公告通知
  • 最新文献
  • 馆藏检索
  • 电子资源
  • 读者导购
  • 参考咨询
  • 我的图书馆
  • 登录
  • 详细信息显示
  • 放入我的书架
  • 预约/预借图书
  • 作者相关作品
  • 分类相关作品
  • 丛书相关作品
  • 出版社相关作品

书目信息

  • 表格格式
  • 工作单格式
  • 卡片格式
题名:
谈谈电子计算机科学技术
    
 
作者: 刘光琦 编
分册:  
出版信息: 上海   上海科学技术出版社  1979
页数: 68页
开本: 19cm
丛书名:
单 册:
中图分类: TP399
科图分类:
主题词: 计算机应用
电子资源:
ISBN:
000 00620nam0 2200229 45
001 0179006282
005 20060805150025.46
010    @dCNY0.19
091    @a13119.788
100    @a19950728d1979 em y0chiy0121 ea
101 0  @achi
102    @aCN@b310000
105    @ay z 000yy
200 10 @a谈谈电子计算机科学技术@Atan tan dian zi ji suan ji ke xue ji shu@f刘光琦编
210    @a上海@c上海科学技术出版社@d1979
215    @a68页@d19cm
300    @a现代科学技术讲座
606 0  @a计算机应用
690    @aTP399
701  0 @a刘光琦@Aliu guang qi@4编
801  0 @aCN@bNLC@c20060805
905    @f2@b26737-738@dTP399@e5
    
    谈谈电子计算机科学技术/刘光琦编.-上海:上海科学技术出版社,1979
    68页;19cm
    现代科学技术讲座
    
    ISBN :CNY0.19
    
●
相关链接 在E读中查询图书 在五车中查询图书 在当当中查询图书 在豆瓣中查询图书


正题名:谈谈电子计算机科学技术     索取号:TP399/5         预约/预借

序号 登录号 条形码 馆藏地/架位号 状态 备注
1 0026737   001641316   第二样本阅览室/ [索取号:TP399/5] 在馆    
2 0026738   001641361   第三借阅区/ [索取号:TP399/5] 在馆    
3 0439525   204395252   密集书库/ [索取号:TP399/5] 在馆    
4 0451586   204515863   密集书库/ [索取号:TP399/5] 在馆    
唐山师范学院图书馆 欢迎您!
大连网信软件有限公司© 版权所有